000
00291nam a22001337a 4500
008
181017b xxu||||| |||| 00| 0 eng d
020
_a
9781455745999
041
_a
eng
080
_2
3rd
_a
610
100
_a
4
101
_a
SHM
245
_a
Ferri's Best Test
_c
Ferri,F.F
942
_2
udc
_c
BK
999
_c
49993
_d
49993